Największe sieci handlowe w Polsce - Statystyki

Ogólne statystyki
  • Ten quiz został rozwiązany 306 razy
  • Średni wynik to 7 z 10
Statystyki odpowiedzi
L. p. Przychód Kraj pochodzenia Nazwa % Poprawnych
1 61,4 Portugalia Biedronka
100%
2 21,8 Niemcy Lidl
97%
7 10,4 Polska Dino
74%
5 11,7 Francja Auchan
71%
6 10,4 Niemcy Kaufland
71%
4 15,6 Francja Carrefour
70%
9 7,9 Wielka Brytania Tesco
69%
8 10,3 Luksemburg Żabka
67%
3 17,1 Portugalia Grupa Eurocasch
49%
10 6,4 Niemcy Makro
14%
Nie znaleziono quizów pasujących do podanych kryteriów
Rozkład punktacji
Procent ludzi z każdym wynikiem
Percentyl według liczby udzielonych odpowiedzi
Twoja historia wyników
Nie rozwiązałeś tego quizu